000 00663cam a2200229I 4500
008
049 _aMAIN
090 0 _aQH308.5
_bKRO
100 1 _aKroeber, Elsbeth.
245 1 0 _aBiology /
_cElsbeth Kroeber, Walter H. Wolff and Richard L. Weaver.
260 _aBoston :
_bD. C. Heath and Co.,
_c 1960.
300 _aviii, 646 p. :
_bill. ;
_c24 cm.
500 _aIncludes index.
650 0 _aBiology
_vTextbooks.
700 _aWeaver Richard L.
700 _aWolff Walter H.
907 _a.b10347252
_b03-10-14
_c02-10-14
003
005 20230123122108.0
040 _cNUST
942 _cBOOKS
_kQH308.5
_mKRO
999 _c127711
_d127711